Kielet joita C.G.E Mannerheim osasi puhua - Statistics

Yleistilastot
  • Tätä visaa on pelattu 302 kertaa
  • Keskiarvotulos 8 / 10
Vastaustilastot
Vastaus % Oikein
Suomi
100%
Ruotsi
99%
Saksa
99%
Venäjä
99%
Ranska
95%
Englanti
92%
Kiina
67%
Puola
63%
Portugali
46%
Latina
42%
Ehtoja vastaavia visoja ei löytynyt
Tulosjakauma
Jokaisen tuloksen saaneiden osuus
Persentiili vastausten määrän mukaan
Tuloshistoriasi
Et ole pelannut tätä visaa